Gramática de la lengua castellana

Guardat en:
Dades bibliogràfiques
Autor principal: Bello, Andrés et al
Format: Llibre
Idioma:Undetermined
Publicat: Buenos Aires, Argentina Anaconda 1943
Matèries:
Etiquetes: Afegir etiqueta
Sense etiquetes, Sigues el primer a etiquetar aquest registre!

MARC

LEADER 00000nam a2200000Ia 4500
008 170316s9999 xx 000 0 und d
090 |a 415-E B-5gr 
100 |a Bello, Andrés et al. 
245 |a Gramática de la lengua castellana 
260 |a Buenos Aires, Argentina 
260 |b Anaconda 
260 |c 1943 
300 |a 160 páginas 
650 |a GRAMÁTICA ESPAÑOLA 
999 |c 18921  |d 18921 
040 |a cru BVZT 
942 |c 15 D  |h 415-E B-5gr  |2 z